000 00176nam a22000857a 4500
001 1254783
005 20251125082819.0
245 _aBÖCEK ÇOCUK
_cM.G.LEONARD
260 _bDOMİNGO
999 _c1254783
_d1254783